Niveau de Geometry Dash en image #1 - Statistiques

Statistiques générales
  • Ce quiz a été pris 169 fois
  • Le résultat moyen est 12 sur 18
Statistiques - réponses
Par images Réponse % Correct
Stereo Madness
96%
Dash
91%
Bloodbath
89%
Clubstep
89%
Tidal Wave
84%
xStep
84%
Electroman Adventures
83%
Limbo
81%
ISpyWithMyLittleEye
77%
Nine Circles
74%
Retray
62%
WHAT
61%
Change of Scene
59%
Acid Factory
41%
OuterSpace
37%
Platinum Adventure
26%
Shock
20%
Dash Cave
11%
Aucun quiz correspondant
Distribution des résultats
% des personnes avec chaque résultat
Percentile par nombre de réponses
Votre historique - résultats
Vous n’avez pas pris ce quiz